Maior cidade de cada país europeu! - Statistics

Estatísticas Gerais
  • Esse quiz foi jogado 63 vezes
  • A pontuação média é 7 de 46
Estatísticas das Respostas
País Cidade % Correto
Itália Milão
74%
Alemanha Hamburgo
66%
França Marselha
53%
Suiça Zurique
45%
Rússia São Petersburgo
43%
Países Baixos Rotterdam
38%
Reino Unido Birmingham
36%
Polônia Cracóvia
32%
Bélgica Antuérpia
30%
Espanha Barcelona
30%
Irlanda Cork
26%
Vaticano Vaticano
26%
Suécia Gotemburgo
19%
Croácia Split
17%
Grécia Tessalônica
17%
Áustria Graz
15%
República Tcheca Brno
13%
Ucrânia Kharkiv
13%
Chipre Limassol
13%
Bulgária Plovdiv
13%
Noruega Bergen
11%
Bielorrússia Gomel
9%
Mônaco Monte-Carlo
9%
Finlândia Tampere
9%
Albânia Durrës
6%
Lituânia Kaunas
6%
Eslováquia Kosice
6%
Sérvia Novi Sad
6%
Moldávia Tiraspol
6%
Dinamarca Aarhus
4%
Islândia Kópavogur
4%
San Marino Serravalle
4%
Hungria Debrecen
2%
Andorra Escaldes-Engordany
2%
Eslovênia Maribor
2%
Liechtenstein Schaan
2%
Portugal Sintra
2%
Bósnia e Herzegovina Banja Luka
0%
Malta Birkirkara
0%
Macedônia Bitola
0%
Letônia Daugavpils
0%
Luxemburgo Esch-sur-Alzette
0%
Romênia Iasi
0%
Montenegro Niksic
0%
Kosovo Prizren
0%
Estônia Tartu
0%
Nenhum quiz correspondente encontrado
Distribuição das Pontuações
Porcentagem de Pessoas com Cada Pontuação
Percentil de Números Respondidos
Sua Pontuação Histórica
Você não jogou esse quiz